Từ điển tiếng Việt
Salvato in:
| Natura: | Sách giấy |
|---|---|
| Lingua: | Vietnamese |
| Pubblicazione: |
Hà Nội :
Khoa học Xã hội,
1994.
|
| Tags: |
Aggiungi Tag
Nessun Tag, puoi essere il primo ad aggiungerne! !
|
| Thư viện lưu trữ: | Thư viện Trường Đại học Đà Lạt |
|---|
| LEADER | 00550nam a2200253 4500 | ||
|---|---|---|---|
| 001 | DLU020004451 | ||
| 005 | ##19990607 | ||
| 040 | # | # | |a DLU |b vie |
| 041 | # | # | |a vie |
| 044 | # | # | |a vn |
| 082 | # | # | |a 495.922 3 |b Tud |
| 245 | # | # | |a Từ điển tiếng Việt |
| 260 | # | # | |a Hà Nội : |b Khoa học Xã hội, |c 1994. |
| 300 | # | # | |a 911 tr. ; |c 25 cm. |
| 992 | # | # | |a 65000 |
| 994 | # | # | |a DLU |
| 998 | # | # | |a TK |
| 900 | # | # | |a False |
| 911 | # | # | |a Administrator |
| 925 | # | # | |a G |
| 926 | # | # | |a A |
| 927 | # | # | |a SH |
| 980 | # | # | |a Thư viện Trường Đại học Đà Lạt |